| 000 | 00589nam a2200205 a 4500 | ||
|---|---|---|---|
| 005 | 20241220063743.0 | ||
| 008 | 020111s1997 r 000 0 eng d | ||
| 020 | _a8483160196 | ||
| 035 | _aUPN01000114523 | ||
| 049 | _aCG | ||
| 050 | 4 |
_aGV191.7 _bC6.2 |
|
| 110 | 2 | _aColectivo Miriñaque | |
| 245 | 1 | 3 |
_aLa aventura de los pelendones : _bun campamento medieval / _cColectivo Miriñaque. |
| 260 |
_aMadrid : _bCCS, _cc1997. |
||
| 300 |
_a148 p. : _bil. |
||
| 440 | 0 |
_aOcio y tiempo libre ; _v17 |
|
| 650 | 4 |
_aCAMPAMENTOS _95061 |
|
| 650 | 2 |
_aCampamentos escolares _95064 |
|
| 905 | _aLibro | ||
| 999 |
_c88430 _d88430 |
||